<?xml version="1.0" encoding="UTF-8"?>
<record
    xmlns:xsi="http://www.w3.org/2001/XMLSchema-instance"
    xsi:schemaLocation="http://www.loc.gov/MARC21/slim http://www.loc.gov/standards/marcxml/schema/MARC21slim.xsd"
    xmlns="http://www.loc.gov/MARC21/slim">

  <leader>01583nam a2200277 i 4500</leader>
  <controlfield tag="001">69639</controlfield>
  <controlfield tag="003">ES-MaACL</controlfield>
  <controlfield tag="005">20250826111450.0</controlfield>
  <controlfield tag="007">t|</controlfield>
  <controlfield tag="008">040708s1939    mr           ||||1| spa d</controlfield>
  <datafield tag="100" ind1="1" ind2=" ">
    <subfield code="a">Garc&#xED;a Figueras, Tom&#xE1;s.</subfield>
    <subfield code="9">54615</subfield>
  </datafield>
  <datafield tag="245" ind1="1" ind2="0">
    <subfield code="a">Dos expedientes de abastecimiento de Marag&#xE1;n, T&#xE1;nger y Ceuta por factores portugueses del puerto de Santa Mar&#xED;a (1563-1567) / </subfield>
    <subfield code="c">presentados por Tom&#xE1;s Garc&#xED;a Figueras e Hip&#xF3;lito Sancho Mayi.</subfield>
  </datafield>
  <datafield tag="260" ind1=" " ind2=" ">
    <subfield code="a">T&#xE1;nger : </subfield>
    <subfield code="b">[Instituto General Franco], </subfield>
    <subfield code="c">1939 (</subfield>
    <subfield code="e">Larache : </subfield>
    <subfield code="f">Artes Gr&#xE1;ficas Bosc&#xE1;)</subfield>
  </datafield>
  <datafield tag="300" ind1=" " ind2=" ">
    <subfield code="a">VIII, 86 p., 1 map. pleg., [1] h. de l&#xE1;m. ; </subfield>
    <subfield code="c">25 cm.</subfield>
  </datafield>
  <datafield tag="490" ind1="1" ind2=" ">
    <subfield code="a">Publicaciones del Instituto General Franco. Secci&#xF3;n 3&#xAA;, Utilizaci&#xF3;n de Archivos Espa&#xF1;oles ; </subfield>
    <subfield code="v">1</subfield>
  </datafield>
  <datafield tag="490" ind1="1" ind2=" ">
    <subfield code="a">Documentos para el estudio del abastecimiento de las plazas portuguesas desde el sur de Espa&#xF1;a</subfield>
  </datafield>
  <datafield tag="500" ind1=" " ind2=" ">
    <subfield code="a">Precede al t&#xED;t.: Publicaciones del Instituto General Franco para la Investigaci&#xF3;n Hispano-Arabe.</subfield>
  </datafield>
  <datafield tag="650" ind1=" " ind2="4">
    <subfield code="a">Alimentos-</subfield>
    <subfield code="x">Abastecimiento-</subfield>
    <subfield code="z">Marruecos-</subfield>
    <subfield code="v">Historia-</subfield>
    <subfield code="v">Fuentes.</subfield>
    <subfield code="9">165988</subfield>
  </datafield>
  <datafield tag="651" ind1=" " ind2="4">
    <subfield code="a">Marruecos-</subfield>
    <subfield code="x">Historia-</subfield>
    <subfield code="y">1516-1830.</subfield>
    <subfield code="9">165989</subfield>
  </datafield>
  <datafield tag="700" ind1="1" ind2=" ">
    <subfield code="a">Sancho, Hip&#xF3;lito, </subfield>
    <subfield code="d">1893-1964</subfield>
    <subfield code="9">103026</subfield>
  </datafield>
  <datafield tag="710" ind1="2" ind2=" ">
    <subfield code="a">Instituto General Franco de Estudios e Investigaci&#xF3;n Hispano-&#xC1;rabe.</subfield>
    <subfield code="9">149197</subfield>
  </datafield>
  <datafield tag="830" ind1="0" ind2=" ">
    <subfield code="a">Publicaciones del Instituto General Franco. Secci&#xF3;n 3&#xAA;, Utilizaci&#xF3;n de Archivos Espa&#xF1;oles ; </subfield>
    <subfield code="v">1</subfield>
    <subfield code="9">231002</subfield>
  </datafield>
  <datafield tag="830" ind1="0" ind2=" ">
    <subfield code="a">Documentos para el estudio del abastecimiento de las plazas portuguesas desde el sur de Espa&#xF1;a</subfield>
    <subfield code="9">231003</subfield>
  </datafield>
  <datafield tag="852" ind1=" " ind2=" ">
    <subfield code="a">ES-MaACL</subfield>
    <subfield code="j">1759-F-22 </subfield>
    <subfield code="b">R.19009</subfield>
  </datafield>
  <datafield tag="999" ind1=" " ind2=" ">
    <subfield code="c">69639</subfield>
    <subfield code="d">69639</subfield>
  </datafield>
  <datafield tag="952" ind1=" " ind2=" ">
    <subfield code="0">0</subfield>
    <subfield code="1">0</subfield>
    <subfield code="4">0</subfield>
    <subfield code="7">0</subfield>
    <subfield code="8">Colecci&#xF3;n_de_folletos</subfield>
    <subfield code="a">ATENEOM</subfield>
    <subfield code="b">ATENEOM</subfield>
    <subfield code="c">DEPOF</subfield>
    <subfield code="d">2008-01-17</subfield>
    <subfield code="e">SC</subfield>
    <subfield code="l">0</subfield>
    <subfield code="o">1759-F-22</subfield>
    <subfield code="p">1072919</subfield>
    <subfield code="r">2023-02-23 00:00:00</subfield>
    <subfield code="w">2023-02-23</subfield>
    <subfield code="y">FOLLETOS</subfield>
  </datafield>
</record>
